Earth's 50 Most Biodiverse Countries - Statistics

General Stats
  • This quiz has been taken 279 times
  • The average score is 42 of 50
Answer Stats
Country 𓅂 𓆏 𓃰 𓆉 𓆛 𓆮 BioD Index % Correct
Brazil 17.6% 13.6% 11.8% 7.9% 13.7% 12.7% 0.772
98%
China 12.5% 5.5% 10.0% 4.7% 10.1% 11.6% 0.543
97%
India 11.9% 5.2% 7.5% 6.7% 7.4% 5.6% 0.442
97%
Indonesia 16.2% 4.6% 12.2% 7.1% 14.1% 7.1% 0.614
97%
United States 8.5% 4.0% 8.0% 5.2% 9.3% 5.7% 0.406
97%
Colombia 18.3% 10.2% 8.1% 5.9% 6.2% 8.9% 0.576
95%
Mexico 10.9% 5.0% 9.5% 8.9% 7.9% 8.7% 0.508
95%
Peru 18.1% 7.6% 8.5% 4.7% 4.7% 7.3% 0.509
95%
Australia 7.1% 3.2% 6.4% 10.1% 14.7% 7.2% 0.486
94%
D.R. Congo 10.9% 3.2% 7.8% 2.9% 4.5% 3.3% 0.326
93%
Argentina 10.0% 6.8% 6.8% 4.3% 3.0% 3.8% 0.302
92%
Russia 2.6% 0.4% 5.5% 0.9% 2.9% 4.6% 0.168
91%
Japan 4.4% 1.0% 2.6% 1.0% 12.1% 2.1% 0.233
89%
Malaysia 7.1% 3.5% 6.1% 4.7% 5.8% 5.2% 0.324
89%
South Africa 7.6% 1.7% 5.4% 4.4% 6.2% 7.9% 0.331
89%
Thailand 9.3% 1.9% 5.7% 4.2% 6.4% 2.4% 0.299
88%
Kenya 10.4% 1.5% 6.9% 2.7% 3.2% 2.5% 0.271
87%
Panama 8.8% 2.8% 4.5% 2.6% 4.2% 3.9% 0.269
87%
Venezuela 13.7% 4.8% 6.6% 3.9% 5.2% 5.7% 0.399
87%
Bolivia 14.3% 3.2% 6.6% 3.0% 1.2% 5.5% 0.338
86%
Ecuador 16.0% 7.2% 6.8% 4.3% 3.3% 6.8% 0.444
86%
Rep. of Congo 6.1% 1.0% 3.6% 3.3% 2.3% 0.9% 0.172
86%
Tanzania 10.6% 2.7% 6.5% 3.5% 5.3% 3.7% 0.323
86%
Vietnam 8.3% 5.2% 5.2% 4.5% 7.3% 3.1% 0.314
86%
Costa Rica 8.6% 2.7% 4.1% 2.6% 3.3% 4.1% 0.254
85%
Myanmar 10.2% 1.2% 5.4% 3.0% 3.1% 5.9% 0.288
85%
Nigeria 8.6% 1.5% 5.2% 1.9% 2.3% 1.3% 0.208
85%
Madagascar 2.5% 4.1% 4.2% 4.0% 3.5% 4.4% 0.226
83%
Papua New Guinea 7.2% 4.9% 4.9% 2.7% 8.5% 4.1% 0.322
83%
Honduras 7.0% 1.6% 3.9% 2.6% 3.1% 2.7% 0.208
82%
Guyana 7.9% 1.8% 4.3% 1.8% 3.0% 2.6% 0.214
81%
Laos 6.9% 1.3% 3.9% 1.7% 1.7% 2.2% 0.177
81%
Philippines 5.7% 1.5% 3.5% 2.0% 9.9% 3.7% 0.264
81%
Ethiopia 8.1% 0.9% 4.9% 2.3% 0.5% 2.5% 0.192
80%
Angola 9.1% 1.3% 5.2% 2.4% 2.7% 0.8% 0.215
79%
Nicaragua 6.8% 0.9% 3.7% 1.9% 3.2% 2.1% 0.187
79%
Guatemala 7.1% 2.2% 4.0% 2.6% 2.7% 3.2% 0.218
78%
Suriname 7.0% 1.5% 3.8% 0.6% 3.1% 1.8% 0.179
78%
Cameroon 8.8% 2.9% 6.1% 2.8% 3.1% 2.5% 0.262
77%
Uganda 9.9% 0.8% 5.8% 1.7% 0.8% 1.8% 0.209
77%
Mozambique 6.7% 1.2% 4.3% 2.2% 5.3% 1.5% 0.212
76%
France(French Guiana) 7.1% 1.4% 3.8% 1.8% 2.9% 2.0% 0.188
75%
Zambia 7.3% 1.2% 4.3% 1.8% 1.2% 1.2% 0.169
75%
Iran 4.7% 0.3% 3.4% 3.2% 1.9% 2.8% 0.163
74%
Gabon 6.1% 1.3% 3.3% 1.3% 2.3% 1.9% 0.163
71%
Ghana 6.8% 1.1% 4.7% 1.8% 2.1% 1.1% 0.176
69%
Sudan 9.2% 0.2% 5.1% 1.6% 1.4% 1.2% 0.189
64%
Cote d'Ivoire 6.7% 1.1% 4.6% 1.5% 2.0% 1.4% 0.172
63%
Guinea 6.3% 1.0% 4.1% 5.8% 3.0% 0.9% 0.211
62%
Nepal 8.1% 0.6% 3.3% 1.4% 0.9% 2.3% 0.166
59%
No matching quizzes found
Score Distribution
Percent of People with Each Score
Percentile by Number Answered
Your Score History
You have not taken this quiz